00936cam a22002414a 4500001001000000003000400010005001700014008004100031020003000072040002900102050001800131245013200149260004700281300004700328336002600375337002800401338002700429504005100456650006000507650006900567700002800636700003000664223871593OSt20250428154101.0080603s2008 ctua b 001 0 eng  a9780300209082 (paperback) aDLCbengcDLCdNUSTerda00aJN6598.K7 LOS04aThe lost Politburo transcripts :bfrom collective rule to Stalin's dictatorship /cedited by Paul R Gregory and Norman Naimark. aNew Haven :bYale University Press,c2008. aviii, 271 pages :bIllustrations ;c25 cm. atextbtxt2rdacontent aunmediatedbn2rdamedia avolumebnc2rdacarrier aIncludes bibliographical references and index. vT︠S︡K KPSS. Politbi︠u︡ro -- History -- Sources. vSoviet Union -- Politics and government -- 1917-1936 -- Sources.1 aGregory, Paul ReEditor1 aNaimark, Norman MeEditor